Payroll accounting: tutorial : (Record no. 4686)
[ view plain ]
| 000 -LEADER | |
|---|---|
| fixed length control field | 00803nac a22002171u 4500 |
| 020 ## - INTERNATIONAL STANDARD BOOK NUMBER | |
| International Standard Book Number | 1872962130 (pbk) : |
| 082 ## - DEWEY DECIMAL CLASSIFICATION NUMBER | |
| Classification number | 657.74 21 |
| Item number | F221 |
| 090 ## - LOCALLY ASSIGNED LC-TYPE CALL NUMBER (OCLC); LOCAL CALL NUMBER (OCLC) | |
| -- | 4686 |
| -- | 4686 |
| 100 ## - MAIN ENTRY--PERSONAL NAME | |
| Personal name | Fardon, Michael, |
| 245 ## - TITLE STATEMENT | |
| Title | Payroll accounting: tutorial : |
| Remainder of title | NVQ level 2 accounting |
| Statement of responsibility, etc | Michael Fardon ; consultants: Roger Petheram, McKnight Winwood & Co. |
| 260 ## - PUBLICATION, DISTRIBUTION, ETC. (IMPRINT) | |
| Place of publication, distribution, etc | Worcester |
| Name of publisher, distributor, etc | Osborne,c1998. |
| Date of publication, distribution, etc | c1998. |
| 300 ## - PHYSICAL DESCRIPTION | |
| Extent | 154 p. |
| Dimensions | 25 cm. |
| 500 ## - GENERAL NOTE | |
| General note | Includes index. |
| 650 ## - SUBJECT ADDED ENTRY--TOPICAL TERM | |
| Topical term or geographic name as entry element | Wages |
| 650 ## - SUBJECT ADDED ENTRY--TOPICAL TERM | |
| Topical term or geographic name as entry element | Accounting. |
| 650 ## - SUBJECT ADDED ENTRY--TOPICAL TERM | |
| Topical term or geographic name as entry element | National Vocational Qualifications (Great Britain) |
| 650 ## - SUBJECT ADDED ENTRY--TOPICAL TERM | |
| Topical term or geographic name as entry element | Study guides. |
| 700 ## - ADDED ENTRY--PERSONAL NAME | |
| Personal name | Petheram, Roger. |
| 942 ## - ADDED ENTRY ELEMENTS (KOHA) | |
| Item type | Book - Borrowing |
| Call number prefix | 657.74 21F221 |
| Withdrawn status | Item status | Damaged status | Not for loan | Home library | Current library | Shelving location | Date acquired | Source of acquisition | Total Checkouts | Full call number | Barcode | Date last seen | Koha item type |
|---|---|---|---|---|---|---|---|---|---|---|---|---|---|
| Central Library | Central Library | First floor | 07/09/2013 | Purchase | 657.7421 FAR | 000005658 | 15/07/2025 | Book - Borrowing |